| 000 | 01284nam2a2200253 4500 | ||
|---|---|---|---|
| 001 | rc\2914742 | ||
| 005 | 20260406082044.0 | ||
| 035 | _a(NLR Aleph) 007065235 | ||
| 090 |
_a13593942 _c13593942 |
||
| 100 | _a20110810d1938 u y0rusy50 ca | ||
| 101 | 0 | _arus | |
| 102 | _aRU | ||
| 105 | _ay z ||||| | ||
| 200 | 1 |
_aПетр I и его реформы. Царская Россия во второй четверти XVIII века _eСтеногр. лекций т. В.И. Лебедева, прочитанных 17-20 ноября 1937 г. |
|
| 210 | _d1938 | ||
| 215 |
_a28 с. _d22 см |
||
| 461 | 0 |
_1001rc\2914735 _12001#$aКурс истории СССР$fВысшая школа пропагандистов им. Я.М. Свердлова при ЦК ВКП(б)$vЛекция 15-16 _96325945 _cМосква _d1938 _fВысшая школа пропагандистов им. Я.М. Свердлова при ЦК ВКП(б) _nБ. и. _tКурс истории СССР _vЛекция 15-16 |
|
| 701 | 1 |
_7ca _8rus _aЛебедев _bВ. И. _cд-р ист. наук _f1894-1966 _gВладимир Иванович _929783 _3RU\NLR\AUTH\7746848 |
|
| 801 | 0 |
_aRU _bNLR _gpsbo |
|
| 801 | 1 |
_aRU _bELAR _2rusmarc |
|
| 852 |
_aNLR _j38-17/48(15-16) |
||
| 942 | _cUNSPEC | ||
| 980 | _aNB | ||